000 00452nam a22001457a 4500
020 _qPB.
040 _cFIZZA ISHAQ
082 _a530
_bPHY
100 _aSTUDY COMMITTEE,PHYSICAL SCIENCE.
_9131965
245 _aPHYSICS :TEACHER'S RESOURCE BOOK AND GUIDE PART 1 /
_cPHYSICAL SCIENCE STUDY COMMITTEE.
250 _a2ND ED.
260 _aD. C. HEATH AND COMPANY:
_bUNITED STATES OF AMERICA,
_c1965.
300 _a1-7 P. ill. ;
_c19 cm
942 _2ddc
_cBK
999 _c615378
_d615378